Brasil: sociedade e espaço - caderno de atividades (Record no. 185997)

MARC details
000 -LÍDER
campo de controle de tamanho fixo 00430 a2200169 4500
001 - NÚMERO DE CONTROLE
campo de controle 185997
020 ## - ISBN - INTERNATIONAL STANDARD BOOK NUMBER
ISBN - International Standard Book Number 85-08-07963-3
040 ## - FONTE DA CATALOGAÇÃO
Instituição que transcreveu o registro Magnum
100 ## - ENTRADA PRINCIPAL--NOME PESSOAL
Nome pessoal Vesentini, José William
240 10 - TÍTULO UNIFORME
Título uniforme Brasil: sociedade e espaço - caderno de atividades
Idioma da obra por
245 10 - TÍTULO
Título Brasil: sociedade e espaço - caderno de atividades
300 ## - DESCRIÇÃO FÍSICA
Extensão 103
362 0# - DATAS DE PUBLICAÇÃO E/OU DESIGNAÇÃO SEQUENCIAL
Datas de publicação e/ou designação sequencial 2002
440 #1 - DECLARAÇÃO DE SÉRIE/ENTRADA ADICIONADA--TÍTULO
Título Ática
697 ## - ENTRADA DE ASSUNTO LOCAL--ENTIDADE COLETIVA (RLIN)
Nome corporativo ou nome da jurisdição GEOGRAFIA DO BRASIL
942 ## - ELEMENTOS DE ENTRADA ADICIONADOS (KOHA)
Tipo de material Koha Livros
Holdings
Situação do descarte Situação das perdas Situação física Não pode ser emprestado Biblioteca de origem Biblioteca atual Data de aquisição Total de empréstimos Número de chamada completo Código de barras Data de último acesso Data do preço efetivo Tipo de material Koha
        Magnum Magnum 08/06/2024   0.142 MAG00051547 08/06/2024 08/06/2024 Livros